Kabale University Library Catalogue

Normal view MARC view
  • Graphic novels

Entry Genre/Form Term

Number of records used in: 1

001 - CONTROL NUMBER

  • control field: 14567

003 - CONTROL NUMBER IDENTIFIER

  • control field: OSt

005 - DATE AND TIME OF LATEST TRANSACTION

  • control field: 20250730152752.0

008 - FIXED-LENGTH DATA ELEMENTS

  • fixed length control field: 250730|| aca||aabn | a|a d

040 ## - CATALOGING SOURCE

  • Original cataloging agency: OSt
  • Transcribing agency: OSt

155 ## - HEADING--GENRE/FORM TERM

  • Genre/form term: Graphic novels

670 ## - SOURCE DATA FOUND

  • Source citation: Work cat.: (OSt)5750: Russell, Gary, 1963- 14564, Doctor Who. bing bank generation, c2015.

Kabale University Library | Kabale University P.O Box 317, Kabale, Uganda
Tel : +256754017033, +256774661503 E-mail : library@kab.ac.ug